[Event "CZE-ch Betsys Online Blitz"]
[Site "Chess.com INT"]
[Date "2021.04.17"]
[Round "13"]
[White "Sulc, Jaromir"]
[Black "Toman, Jan"]
[Result "0-1"]
[WhiteElo "2059"]
[BlackElo "2047"]
[PlyCount "60"]
[EventDate "2021.04.17"]
[EventType "swiss (blitz)"]
[EventRounds "13"]
[EventCountry "CZE"]
[SourceTitle "CBM 201 Extra"]
[Source "ChessBase"]
[SourceDate "2021.05.31"]
[SourceVersion "1"]
[SourceVersionDate "2021.05.31"]
[SourceQuality "1"]

1. d4 Nf6 2. c4 e6 3. g3 c5 4. Nf3 cxd4 5. Nxd4 Nc6 6. Bg2 Qb6 7. e3 Bc5 8. Nb3 Be7 9. Nc3 0-0 10. 0-0 a6 11. c5 Qb4 12. a3 Qc4 13. Qc2 Bxc5 14. Nxc5 Qxc5 15. b4 Qc4 16. Bb2 d5 17. Rac1 Qg4 18. Na4 Qg6 19. Qe2 Ne4 20. Nb6 Rb8 21. Rc2 Rd8 22. Rfc1 Bd7 23. Bf3 Be8 24. Bh5 Qg5 25. f4 Qh6 26. Bf3 Ne7 27. Kg2 Nc6 28. h3 Qg6 29. Bh5 Qxg3+ 30. Kf1 Qxh3+ 0-1

[Event "CZE-chT2A 1314"]
[Site "Czech Republic"]
[Date "2014.01.05"]
[Round "5.8"]
[White "Chlad, Lukas"]
[Black "Sulc, Jaromir"]
[Result "1-0"]
[WhiteElo "1953"]
[BlackElo "2045"]
[PlyCount "32"]
[EventDate "2013.11.03"]
[EventType "team-tourn"]
[EventRounds "11"]
[EventCountry "CZE"]
[SourceTitle "EXT 2015"]
[Source "ChessBase"]
[SourceDate "2014.11.20"]
[SourceVersion "1"]
[SourceVersionDate "2014.11.20"]
[SourceQuality "1"]
[WhiteTeam "Klatovy"]
[BlackTeam "Kladno"]
[WhiteTeamCountry "CZE"]
[BlackTeamCountry "CZE"]

1. e4 e5 2. Nf3 Nc6 3. Bb5 Bc5 4. 0-0 Nge7 5. c3 Bb6 6. h3 0-0 7. d4 exd4 8. cxd4 d5 9. exd5 Nxd5 10. Nc3 Bf5 11. Bxc6 bxc6 12. Ne5 Nb4 13. Be3 Qd6 14. Qf3 f6 15. Nxc6 Bxh3 16. Nxb4 Bg4 1-0

[Event "Kesarovski Georgiev Memorial 8th"]
[Site "Sunny Beach"]
[Date "2009.09.08"]
[Round "2"]
[White "Sulc, Jaromir"]
[Black "Dragieva, Denitza"]
[Result "1-0"]
[WhiteElo "2025"]
[BlackElo "1740"]
[PlyCount "57"]
[EventDate "2009.09.07"]
[EventType "swiss"]
[EventRounds "9"]
[EventCountry "BUL"]
[SourceTitle "CBM 132 Extra"]
[Source "ChessBase"]
[SourceDate "2009.11.03"]
[SourceVersion "1"]
[SourceVersionDate "2009.11.03"]
[SourceQuality "1"]

1. e4 e5 2. f4 exf4 3. Bc4 Nc6 4. Nf3 d6 5. d3 Ne5 6. Bb3 Bg4 7. Bxf4 Nxf3+ 8. gxf3 Bh5 9. Nc3 Nf6 10. Qe2 Nd7 11. d4 Be7 12. Nd5 c6 13. Ne3 Bg6 14. 0-0-0 a5 15. h4 Nf6 16. Bxd6 Bxd6 17. e5 Nh5 18. exd6 Ng3 19. Qh2 Nxh1 20. Qe5+ Kf8 21. Rxh1 f6 22. Qf4 Qd7 23. h5 Bf7 24. Ng4 a4 25. Nxf6 gxf6 26. Qh6+ Ke8 27. Re1+ Kd8 28. Qxf6+ Kc8 29. Qxh8+ 1-0

[Event "CZE-chT2d 0607"]
[Site "Czech Republic"]
[Date "2007.01.14"]
[Round "6"]
[White "Kruml, David"]
[Black "Sulc, Jaromir"]
[Result "1-0"]
[WhiteElo "2094"]
[BlackElo "1978"]
[PlyCount "49"]
[EventDate "2006.10.15"]
[EventType "team"]
[EventRounds "11"]
[EventCountry "CZE"]
[SourceTitle "EXT 2009"]
[Source "ChessBase"]
[SourceDate "2008.11.26"]
[SourceVersion "1"]
[SourceVersionDate "2008.11.26"]
[SourceQuality "1"]

1. c4 Nf6 2. g3 h5 3. Nf3 c5 4. Bg2 Nc6 5. d3 g6 6. Bg5 Bg7 7. Qd2 d6 8. 0-0 Bg4 9. h3 Be6 10. Nc3 Qd7 11. Kh2 Ng4+ 12. hxg4 hxg4+ 13. Nh4 f6 14. Be4 0-0-0 15. Kg2 fxg5 16. Nxg6 Rh3 17. Rab1 Bf7 18. Nd5 Bf6 19. f4 gxf3+ 20. Rxf3 Rh6 21. Ngxe7+ Nxe7 22. Nxf6 Qh3+ 23. Kf2 g4 24. Nxg4 Qxg4 25. Qxh6 1-0

[Event "CZE-chT2d 0607"]
[Site "Czech Republic"]
[Date "2006.12.15"]
[Round "5"]
[White "Sulc, Jaromir"]
[Black "Uhmann, Jan"]
[Result "1/2-1/2"]
[WhiteElo "1978"]
[BlackElo "2184"]
[PlyCount "118"]
[EventDate "2006.10.15"]
[EventType "team"]
[EventRounds "11"]
[EventCountry "CZE"]
[SourceTitle "EXT 2009"]
[Source "ChessBase"]
[SourceDate "2008.11.26"]
[SourceVersion "1"]
[SourceVersionDate "2008.11.26"]
[SourceQuality "1"]

1. e4 e5 2. f4 d5 3. exd5 e4 4. d3 Nf6 5. dxe4 Nxe4 6. Nf3 Bc5 7. Qe2 Qe7 8. Be3 Bxe3 9. Qxe3 0-0 10. Bd3 Qb4+ 11. Nbd2 Nxd2 12. Nxd2 Qxb2 13. 0-0 Qb6 14. Rfe1 Nd7 15. Ne4 h6 16. Rab1 Qxe3+ 17. Rxe3 f5 18. Nc3 a6 19. Rbe1 Nc5 20. Be2 Bd7 21. Bh5 Rf6 22. Re7 g6 23. Bf3 Rf7 24. d6 Rxe7 25. Rxe7 c6 26. Na4 Nxa4 27. Rxd7 Nc5 28. Re7 Rd8 29. Re5 b6 30. Bxc6 Rxd6 31. Bf3 Kf7 32. Rd5 Ke7 33. Kf2 Re6 34. Rd4 a5 35. h4 Kf6 36. Rd8 Ke7 37. Rd4 Nd7 38. h5 g5 39. g4 gxf4 40. gxf5 Rd6 41. Re4+ Kf6 42. Re6+ Rxe6 43. fxe6 Ne5 44. Bd5 a4 45. a3 Ke7 46. Ke2 Kd6 47. Ba2 b5 48. c3 Nc6 49. Kf3 Ke5 50. Bb1 Kxe6 51. Kxf4 Ne7 52. Bd3 Nd5+ 53. Ke4 Kd6 54. Kd4 Nc7 55. c4 Ne6+ 56. Kc3 Kc5 57. cxb5 Nf4 58. Bg6 Kxb5 59. Kd4 Ne2+ 1/2-1/2

[Event "CZE-chT2d 0607"]
[Site "Czech Republic"]
[Date "2006.11.05"]
[Round "2.5"]
[White "Hosek, Milan"]
[Black "Sulc, Jaromir"]
[Result "1/2-1/2"]
[WhiteElo "2248"]
[BlackElo "1978"]
[PlyCount "102"]
[EventDate "2006.10.15"]
[EventType "team"]
[EventRounds "11"]
[EventCountry "CZE"]
[SourceTitle "EXT 2009"]
[Source "ChessBase"]
[SourceDate "2008.11.26"]
[SourceVersion "1"]
[SourceVersionDate "2008.11.26"]
[SourceQuality "1"]

1. e4 e5 2. Nf3 Nc6 3. Bb5 Bc5 4. c3 f5 5. exf5 e4 6. Qe2 Qe7 7. Ng1 Nf6 8. d4 exd3 9. Bxd3 d5 10. Qxe7+ Nxe7 11. Bf4 c6 12. Nd2 Bxf5 13. Bxf5 Nxf5 14. Ngf3 0-0 15. 0-0 d4 16. Nb3 Nd7 17. Ne5 Nxe5 18. Bxe5 Rfe8 19. cxd4 Bb6 20. g4 Nh4 21. f4 g5 22. Bf6 Re3 23. Bxg5 Nf3+ 24. Kg2 Nxd4 25. Nxd4 Bxd4 26. Rfe1 Rae8 27. Rxe3 Rxe3 28. Rd1 c5 29. Rd2 Kf7 30. Bh4 Re4 31. Kf3 Re3+ 32. Kg2 Re4 33. Bg3 b5 34. b3 a5 35. h3 c4 36. bxc4 bxc4 37. Rc2 c3 38. Bf2 Rxf4 39. Bxd4 Rxd4 40. Rxc3 Rd2+ 41. Kg3 Rxa2 42. Rc7+ Kg8 43. Ra7 a4 44. h4 a3 45. Kf4 Rf2+ 46. Kg5 a2 47. h5 Rb2 48. Ra8+ Kg7 49. Ra7+ Kg8 50. Ra8+ Kg7 51. Ra7+ Kg8 1/2-1/2

[Event "CZE-chT2b 0506"]
[Site "Czech Republic"]
[Date "2005.12.18"]
[Round "5"]
[White "Kostal, Jindrich"]
[Black "Sulc, Jaromir"]
[Result "1-0"]
[WhiteElo "1948"]
[BlackElo "2035"]
[PlyCount "38"]
[EventDate "2005.10.16"]
[EventType "team"]
[EventRounds "11"]
[EventCountry "CZE"]
[SourceTitle "EXT 2009"]
[Source "ChessBase"]
[SourceDate "2008.11.26"]
[SourceVersion "1"]
[SourceVersionDate "2008.11.26"]
[SourceQuality "1"]

1. e4 e5 2. Nf3 Nc6 3. Bb5 Bc5 4. 0-0 Nge7 5. Nxe5 Nxe5 6. d4 c6 7. Be2 Bd6 8. dxe5 Bxe5 9. Kh1 d5 10. f4 Bc7 11. e5 0-0 12. Be3 f6 13. exf6 Rxf6 14. g3 Nf5 15. Bg1 Rh6 16. Qd3 Nd6 17. Nd2 Ba5 18. Nb3 Bf5 19. Qd1 Nc4 1-0

[Event "CZE Juniorcentrum op-A"]
[Site "Sec u Chrudimi"]
[Date "2005.10.27"]
[Round "7"]
[White "Sulc, Jaromir"]
[Black "Vrana, Jan"]
[Result "1/2-1/2"]
[WhiteElo "2038"]
[BlackElo "2172"]
[PlyCount "45"]
[EventDate "2005.10.22"]
[EventType "swiss"]
[EventRounds "9"]
[EventCountry "CZE"]
[SourceTitle "EXT 2008"]
[Source "ChessBase"]
[SourceDate "2007.11.25"]
[SourceVersion "1"]
[SourceVersionDate "2007.11.25"]
[SourceQuality "1"]

1. e4 e5 2. f4 Bc5 3. Nf3 d6 4. Nc3 Nf6 5. Bc4 Nc6 6. d3 0-0 7. f5 h6 8. Na4 Na5 9. Nxc5 Nxc4 10. Nb3 Nb6 11. 0-0 Re8 12. Qe1 d5 13. exd5 Qxd5 14. Qh4 Qd6 15. Nfd2 Nbd5 16. Ne4 Qe7 17. Bd2 Nxe4 18. Qxe4 Nf6 19. Qh4 b6 20. Rae1 Bb7 21. Bc3 Qd6 22. Nd2 Re7 23. Ne4 1/2-1/2

[Event "CZE Juniorcentrum op-A"]
[Site "Sec u Chrudimi"]
[Date "2005.10.26"]
[Round "6"]
[White "Janousek, Petr"]
[Black "Sulc, Jaromir"]
[Result "1/2-1/2"]
[WhiteElo "2183"]
[BlackElo "2038"]
[PlyCount "84"]
[EventDate "2005.10.22"]
[EventType "swiss"]
[EventRounds "9"]
[EventCountry "CZE"]
[SourceTitle "EXT 2008"]
[Source "ChessBase"]
[SourceDate "2007.11.25"]
[SourceVersion "1"]
[SourceVersionDate "2007.11.25"]
[SourceQuality "1"]

1. e4 e5 2. Nf3 Nc6 3. Bb5 Bc5 4. 0-0 Nge7 5. c3 Bb6 6. d4 exd4 7. cxd4 d5 8. exd5 Nxd5 9. Re1+ Be6 10. Ng5 0-0 11. Nxe6 fxe6 12. Bxc6 bxc6 13. Be3 Qf6 14. Nd2 Nxe3 15. fxe3 e5 16. Rf1 Qe6 17. Qb3 Qxb3 18. Nxb3 exd4 19. exd4 Rad8 20. Rac1 a5 21. Rxf8+ Kxf8 22. Rxc6 Ke7 23. Rc4 Rd5 24. Kf1 Kd6 25. Ke2 Rh5 26. h3 Kd5 27. Rc2 Rh4 28. Nxa5 Rxd4 29. Nb3 Ra4 30. a3 Re4+ 31. Kf1 c5 32. Nd2 Rf4+ 33. Nf3 c4 34. Ke2 Re4+ 35. Kf1 Rf4 36. Rd2+ Kc6 37. Ke2 Re4+ 38. Kd1 Re7 39. Re2 Rxe2 40. Kxe2 Kd5 41. Kd2 h6 42. Kc2 g5 1/2-1/2

[Event "CZE Juniorcentrum op-A"]
[Site "Sec u Chrudimi"]
[Date "2005.10.25"]
[Round "5"]
[White "Sulc, Jaromir"]
[Black "Huttner, Milos"]
[Result "1/2-1/2"]
[WhiteElo "2007"]
[BlackElo "1971"]
[PlyCount "58"]
[EventDate "2005.10.22"]
[EventType "swiss"]
[EventRounds "9"]
[EventCountry "CZE"]
[SourceTitle "EXT 2008"]
[Source "ChessBase"]
[SourceDate "2007.11.25"]
[SourceVersion "1"]
[SourceVersionDate "2007.11.25"]
[SourceQuality "1"]

1. e4 e5 2. f4 exf4 3. Bc4 Nf6 4. Nc3 c6 5. Nf3 d5 6. exd5 cxd5 7. Bb5+ Bd7 8. Qe2+ Qe7 9. Bxd7+ Nbxd7 10. 0-0 Qxe2 11. Nxe2 Bd6 12. d4 Ne4 13. Nxf4 Bxf4 14. Bxf4 0-0 15. Rae1 Ndf6 16. Re2 Rac8 17. Rfe1 Rfe8 18. Be5 Re6 19. Bxf6 Nxf6 20. Rxe6 fxe6 21. c3 Ne4 22. Ne5 Rf8 23. Rf1 Nf6 24. Rf3 Rc8 25. Kf2 Rc7 26. Ke3 b5 27. Nd3 Ne4 28. h4 Nd6 29. Ke2 Ne4 1/2-1/2

[Event "Volyne op-B"]
[Site "Volyne"]
[Date "2003.??.??"]
[Round "?"]
[White "Sulc, Jaromir"]
[Black "Fastova, Karolina"]
[Result "0-1"]
[WhiteElo "1781"]
[BlackElo "1597"]
[PlyCount "82"]
[EventDate "2003.??.??"]
[EventType "swiss"]
[EventRounds "9"]
[EventCountry "CZE"]
[SourceTitle "EXT 2005"]
[Source "ChessBase"]
[SourceDate "2004.11.15"]
[SourceVersion "1"]
[SourceVersionDate "2004.11.15"]
[SourceQuality "1"]

1. e4 c5 2. d4 cxd4 3. c3 d3 4. Bxd3 e5 5. Qc2 Nf6 6. f4 Nc6 7. Nf3 Qc7 8. f5 d5 9. Nbd2 Bc5 10. Nb3 Bb6 11. Bg5 Nxe4 12. Bxe4 dxe4 13. Qxe4 f6 14. Bd2 Ne7 15. g4 Bd7 16. 0-0-0 0-0-0 17. Be3 Bc6 18. Bxb6 Qxb6 19. Qe2 Nd5 20. Rhe1 Nf4 21. Qf1 Bb5 22. c4 Bc6 23. Nfd4 Rhe8 24. Ne6 Rxd1+ 25. Kxd1 Ng2 26. c5 Qb4 27. Re2 Qxg4 28. Kc1 Qc4+ 29. Kb1 Be4+ 30. Ka1 Qd3 31. c6 Ne3 32. cxb7+ Kb8 33. Qe1 Nc2+ 34. Rxc2 Qxc2 35. Nbc5 Bxb7 36. Nxb7 Kxb7 37. Qb4+ Kc8 38. a3 Qc6 39. Qb3 Re7 40. Qh3 Rb7 41. b3 Qc1+ 0-1

[Event "Volyne op-B"]
[Site "Volyne"]
[Date "2003.??.??"]
[Round "?"]
[White "Sulc, Jaromir"]
[Black "Hava, Jaroslav"]
[Result "0-1"]
[WhiteElo "1781"]
[BlackElo "1830"]
[PlyCount "66"]
[EventDate "2003.??.??"]
[EventType "swiss"]
[EventRounds "9"]
[EventCountry "CZE"]
[SourceTitle "EXT 2005"]
[Source "ChessBase"]
[SourceDate "2004.11.15"]
[SourceVersion "1"]
[SourceVersionDate "2004.11.15"]
[SourceQuality "1"]

1. e4 e6 2. d4 d5 3. e5 c5 4. Qg4 h5 5. Qg3 cxd4 6. Nf3 Nc6 7. Bd3 g6 8. h4 Nge7 9. 0-0 Nf5 10. Bxf5 exf5 11. Nbd2 Bg7 12. Nb3 Qb6 13. Bf4 0-0 14. Rfe1 Be6 15. Nfxd4 Nxd4 16. Be3 Qc7 17. Bxd4 b6 18. Bc3 Qc4 19. Nd4 Kh7 20. a3 Rfc8 21. Rad1 Bf8 22. Rd3 a6 23. Nf3 Qc6 24. Ng5+ Kg7 25. Qf4 Qe8 26. f3 Rc4 27. Qd2 Rac8 28. b3 R4c6 29. Re2 Bxa3 30. g4 fxg4 31. fxg4 Bxg4 32. Nxf7 Kxf7 33. Rf2+ Kg8 0-1

[Event "Volyne op-B"]
[Site "Volyne"]
[Date "2003.??.??"]
[Round "?"]
[White "Sulc, Jaromir"]
[Black "Ruzicka, Ondrej"]
[Result "1-0"]
[WhiteElo "1781"]
[BlackElo "1491"]
[PlyCount "101"]
[EventDate "2003.??.??"]
[EventType "swiss"]
[EventRounds "9"]
[EventCountry "CZE"]
[SourceTitle "EXT 2005"]
[Source "ChessBase"]
[SourceDate "2004.11.15"]
[SourceVersion "1"]
[SourceVersionDate "2004.11.15"]
[SourceQuality "1"]

1. e4 c5 2. d4 cxd4 3. c3 dxc3 4. Nxc3 Nc6 5. Bc4 e6 6. Bf4 a6 7. Nf3 Nge7 8. 0-0 Ng6 9. Bg3 Be7 10. e5 b5 11. Bd3 0-0 12. Ne4 Bb7 13. Nd6 Qb6 14. Nxb7 Qxb7 15. h4 h5 16. Bxg6 fxg6 17. Qd3 Rf5 18. Rad1 Rd8 19. a3 Qa7 20. b4 Kh7 21. Rfe1 Qb7 22. Re2 Nxb4 23. axb4 Bxb4 24. Ng5+ Rxg5 25. hxg5 a5 26. Rb2 Rc8 27. Qxd7 Qxd7 28. Rxd7 Rb8 29. Rxb4 axb4 30. Rd4 Kg8 31. Rxb4 Kf7 32. Bf4 Ke7 33. Be3 Kd7 34. Bc5 Kc6 35. Bd6 Ra8 36. Kh2 Ra4 37. Kg3 Rxb4 38. Bxb4 Kd5 39. Kf4 Kc4 40. Ba3 Kb3 41. Bc5 Kc4 42. Bd6 b4 43. Ke4 Kc3 44. g3 b3 45. Ba3 b2 46. Bxb2+ Kxb2 47. Kd4 Kc2 48. Kc5 Kd3 49. Kd6 Ke2 50. Kxe6 Kxf2 51. Kf7 1-0